000 00941naa a22002777a 4500
001 BR5600022
003 BR-BrBNA
005 20240918172836.0
007 ta
008 230509b bl.||||| |||| 00| 0 por d
040 _aBR-BrBNA
_bpor
_cBiblioteca Nacional de Agricultura
041 _a(Pt)
072 _aL10
_b5213
090 _aL10 BR5600022
100 1 _aVillares, J.B.
245 1 _aOrigem da raca Nelore [Bos Indicus; Melhoramento genetico animal]
260 3 _aUberaba, MG (Brasil):
_c1956.
500 _aWeiss, A. Os grandes reprodutores indianos no Brasil Uberaba, MG (Brasil): 1956. p. 80-147 (BR5600022-AM)L10
650 _aMelhoramento genetico animal
650 _aGado nelore
650 _aGado de corte
650 _aRaca
773 0 _tOs grandes reprodutores indianos no Brasil
_aWeiss, A.
_wL10 BR5600022
_gUberaba, MG (Brasil), 1956. p. 80-147
909 _a202404
_bLucia
_c55
_dLucia Elande
942 _cAM
_2AGRIS
999 _c301682
_d301682